|
|
|
|
| LEADER |
00000cam a2200000 a 4500 |
| 001 |
UCF3930 |
| 003 |
CL-VaPUC |
| 008 |
121108e19920000US |||||||||||||||||eng|d |
| 020 |
|
|
|a 0801302951
|
| 082 |
0 |
4 |
|a 300.1
|b GLE
|2 21
|
| 100 |
0 |
|
|a Glesne, Corrine
|e author
|9 565578
|
| 700 |
0 |
|
|a Peshkin, Alan
|e author
|9 565579
|
| 245 |
1 |
0 |
|a Becoming qualitative researchers: an introduction
|
| 300 |
|
|
|a 199 p
|
| 942 |
|
|
|c BK
|
| 945 |
|
|
|d 20121108 00:00:00
|a dcastane
|
| 260 |
|
|
|a Nueva York
|b Longman
|c 1992
|
| 650 |
|
0 |
|a Ciencias sociales
|9 256351
|
| 650 |
|
0 |
|a Métodos de investigación
|9 262618
|
| 650 |
|
0 |
|a Métodos cualitativos
|9 373008
|
| 583 |
|
|
|a last modification
|c 20121108 11:12:00
|k Rodrigo Vera
|
| 999 |
|
|
|c 349966
|d 349964
|
| 952 |
|
|
|0 0
|1 0
|4 0
|6 300_100000000000000_GLE_1992
|7 0
|8 A
|9 452864
|a BIBEDU
|b BIBEDU
|d 2019-11-22
|i 4922034
|o 300.1 GLE 1992
|p 4922034
|r 2019-11-22
|w 2019-11-22
|y BK
|k LIT
|